00793nam a2200241 i 45000010005000000030009000050050017000140070003000310080041000340200018000750800011000931000034001042450051001382500018001892600043002073000022002504900035002726500031003078300043003388520033003819990015004149520122004298529ES-MaACL20230906145457.0t|920713s1988 sp ||||1| spa d a84-7508-092-3 a17(09)1 aMacIntyre, Alasdair C.97523010aHistoria de la ética / cAlasdair MacIntyre. a[3ª reimp.]. aBarcelona [etc.] : bPaidós, c1988. a259 p. ; c22 cm.1 aPaidós studio/básica ; v214aÉtica-xHistoria.9125810 aPaidós studio/básica ; v29180013 aES-MaACLjL-15891 bR.120085 c8529d8529 00104070aATENEOMbATENEOMcDEPO2d2008-01-17eSCl0oL-15891p1008712r2023-02-23 00:00:00w2023-02-23yMONOGRAFIA